100 years of reservations : (Record no. 14821)

000 -LEADER
fixed length control field 00760cam a2200193 a 4500
040 ## - CATALOGING SOURCE
Transcribing agency DLC
082 ## - DEWEY DECIMAL CLASSIFICATION NUMBER
Classification number 320 ERS 2003 A070 Or.
245 00 - TITLE STATEMENT
Title 100 years of reservations :
Remainder of title an appraisal & assessment /
246 3# - VARYING FORM OF TITLE
Title proper/short title One hundred years of reservations
260 ## - PUBLICATION, DISTRIBUTION, ETC. (IMPRINT)
Place of publication Hyderabad :
Name of publisher 100 Years of Reservations Review Committee under the aegis of Republican Party of India, Andhra Pradesh,
Year of publication 2003.
300 ## - PHYSICAL DESCRIPTION
Number of Pages x, 135 p. :
Other physical details ill. ;
Dimensions 29 cm.
520 ## - SUMMARY, ETC.
Summary, etc Papers presented at 6 conventions at different places in Andhra Pradesh; with reference to India.
650 #0 - SUBJECT ADDED ENTRY--TOPICAL TERM
Topical Term Dalits
650 #0 - SUBJECT ADDED ENTRY--TOPICAL TERM
Topical Term Reverse discrimination in employment
650 #0 - SUBJECT ADDED ENTRY--TOPICAL TERM
Topical Term Dalits
700 1# - ADDED ENTRY--PERSONAL NAME
Personal name Tārakaṃ, Bojjā.
710 2# - ADDED ENTRY--CORPORATE NAME
Corporate name or jurisdiction name as entry element Bhāratīya Ripablikana Paksha (Andhra Pradesh, India)
942 ## - ADDED ENTRY ELEMENTS (KOHA)
Koha item type សៀវភៅភាសាអង់គ្លេស
952 ## - LOCATION AND ITEM INFORMATION (KOHA)
Withdrawn status [LOCAL, KOHA] 0
Holdings
Permanent Location Date acquired Koha item type Lost status Shelving location Barcode Current Location Full call number
Library Block A2017-10-27សៀវភៅភាសាអង់គ្លេស A070A07167Library Block A320 ERS 2003 A070 Or.
មជ្ឈមណ្ឌលឯការនៃសាកលវិទ្យាល័យភូមិន្ទកសិកម្មចំការដូង

Powered by Koha